000 00602cam a22001934a 4500
005 20250605163408.0
008 250528s ||||||||||||||||||||||||d
035 _a18305
020 _a1844792420
040 _aGR-AtMCL
_bgre
_dGR-AtMCL
_eAACR2
245 1 _aBTEC Higher National in Computing / Advancing Learning, Changing Lives
250 _a1st
260 _bPearson Custom Publishing,
_c2005
300 _a238
520 _aPreface, Computer Platforms, Systems Analysis, Programming Concepts, Database Design Concepts, Networking Concepts.
942 _cBK
999 _c3670
_d3670